000 00863nam0a2200265 4500
001 RU\NLR\bibl\1357112
005 20250615182557.0
021 _aRU
_b2009-13824
_9818
035 _a(NLR Aleph) 001349304
090 _a910553
_c910553
100 _a20090415d2009 |||y0rusy50 ca
101 0 _arus
102 _aRU
105 _aa |||||||||
200 1 _a10 способов выращивания огурцов
_e[рекомендации по выращиванию
_fсост.: А.Б. Панкратова]
210 _aВоронеж
_cСоциум
_d2009
215 _a32 с.
_cил.
_d20
225 1 _aБиблиотека журнала "Черноземочка"
702 1 _aПанкратова
_bА. Б.
_4220
801 0 _aRU
_bNLR
_c20090415
_gRCR
801 1 _aRU
_bNLR
_c20090415
942 _cBOOK
980 _aNB
980 _aNBR